000 00352nam a2200145Ia 4500
008 240624s9999 xx 000 0 und d
041 _aeng
082 _a658.5 HEI
100 _aHEIZER JAY
245 _aOPERATIONS MANAGEMENT
250 _a(9th ed.)
260 _c2009
_aNew Delhi
_bPearson Education India
300 _a808 : p.
365 _cRS
_b27.5
999 _c21798
_d21798